| 000 | 00785cab a2200253 4500 | ||
|---|---|---|---|
| 001 | WB2907-37 | ||
| 008 | 090401t1993 xxu||||| |||| 00| 0 eng d | ||
| 035 | _a(Sirsi) u54607 | ||
| 041 | _aeng | ||
| 245 | _aLast chance for Foundation 15 | ||
| 260 | _c1993 | ||
| 350 | _a0 | ||
| 490 |
_aBuilding _v258(7782) 19 February 1993, 14(1) |
||
| 520 | _aLocal authorities hope that Zurich Insurance Company will take over Foundation 15 from Municipal Mutual Insurance in order to save the house warranty scheme. | ||
| 650 | _aFOUNDATION 15 | ||
| 650 | _aHOUSE WARRANTY SCHEMES | ||
| 650 | _aINSURANCE COVER | ||
| 650 | _aLATENT DEFECTS | ||
| 650 | _aMUNICIPAL MUTUAL INSURANCE | ||
| 650 | _aZURICH INSURANCE | ||
| 690 |
_aInsurance _96249 |
||
| 942 | _n0 | ||
| 948 | _c04/03/1997 | ||
| 999 |
_c33477 _d33477 |
||